COMMENTARY ON THE PROTECTION OF CHILDERN FROM SEXUAL OFFENCES ACT, 2012 AND RULES (Record no. 10129)

MARC details
000 -LEADER
fixed length control field 00394nam a22001457a 4500
003 - CONTROL NUMBER IDENTIFIER
control field SGT
020 ## - INTERNATIONAL STANDARD BOOK NUMBER
International Standard Book Number 9789350353721
082 ## - DEWEY DECIMAL CLASSIFICATION NUMBER
Classification number 340,NAR
100 ## - MAIN ENTRY--PERSONAL NAME
Personal name NARAYANA, P.S.
245 ## - TITLE STATEMENT
Title COMMENTARY ON THE PROTECTION OF CHILDERN FROM SEXUAL OFFENCES ACT, 2012 AND RULES
260 ## - PUBLICATION, DISTRIBUTION, ETC. (IMPRINT)
Place of publication, distribution, etc NEW DELHI
Name of publisher, distributor, etc UNIVESAL LAW PUBIISHING
Year of Publication 2013
300 ## - PAGE DESCRIPTION
No. of Pages 48
650 ## - SUBJECT ADDED ENTRY--TOPICAL TERM
Topical term or geographic name as entry element WOMEN AND CHILD LAW
942 ## - ADDED ENTRY ELEMENTS (KOHA)
Source of classification or shelving scheme Dewey Decimal Classification
Koha item type Books
942 ## - ADDED ENTRY ELEMENTS (KOHA)
-- 3
Holdings
Withdrawn status Lost status Source of classification or shelving scheme Damaged status Not for loan Collection code Home library Current library Shelving location Date acquired Vendor Name Cost, normal purchase price SGTU Bill Number Total Checkouts Full call number Accession No. (Barcode) Date last seen Date last borrowed Bill Date Koha item type
    Dewey Decimal Classification     LAW SGT Science & Social Sciences Library SGT Science & Social Sciences Library Text Book 07/12/2016 JUPITER LAW BOOK COMPANY 595.00 SGTU 856 3 340,NAR FL519 16/05/2023 17/04/2023 31/10/2014 Books
    Dewey Decimal Classification   Not For Loan LAW SGT Science & Social Sciences Library SGT Science & Social Sciences Library Reference Book 07/12/2016 JUPITER LAW BOOK COMPANY 595.00 SGTU 856   340,NAR FL520 07/12/2016   31/10/2014 Books